000 00358 a2200157 4500
001 48850
020 _a978-85-262-8037-3
040 _cAnchieta - Bela Vista
100 _aAnderson, Judith
240 1 0 _aEra uma vez uma lagarta
_lpor
245 1 0 _aEra uma vez uma lagarta
300 _a32
362 0 _a2010
650 4 _aLiteratura infantil
942 _cBK
999 _c48850
_d48850